Statistics for Top 50 Rappers

Click here to take the quiz!

General Stats

  • This quiz has been taken 61 times
  • The average score is 18 of 50

Answer Stats

RankAnswer% Correct
16.Eazy E
94%
1.Eminem
94%
12.Snoop Dogg
90%
2.Kanye West
85%
4.Tupac
85%
13.Drake
83%
10.Dr.Dre
83%
6.Kendrick Lamar
83%
3.Jay-Z
79%
9.Lil Wayne
79%
5.Biggie
73%
11.Ice Cube
71%
14.Nas
69%
8.50 Cent
65%
22.Travis Scott
60%
15.J Cole
56%
7.Andre 3000
46%
28.XXXTentacion
35%
27.Juice WRLD
33%
37.21 Savage
31%
31.Lil Baby
31%
18.Lauryn Hill
29%
34.Lil Uzi Vert
29%
24.LL Cool J
29%
26.Rakim
25%
41.Mac Miller
23%
29.Tyler The Creator
23%
25.MF DOOM
21%
32.Kid Cudi
19%
47.Nate Dogg
19%
23.Slick Rick
19%
30.Chance The Rapper
15%
19.The Game
15%
44.Polo G
13%
33.Busta Rhymes
10%
39.Playboi Carti
10%
35.Quavo
8%
38.Baby Keem
6%
21.Frank Ocean
6%
49.JID
6%
20.Lupe Fiasco
6%
42.Metro Boomin
6%
17.Missy Eliot
6%
48.NF
6%
46.Swae Lee
6%
45.T-Pain
6%
40.Denzel Curry
4%
50.Fetty Wap
2%
36.Immortal Technique
2%
43.Youngboy Never Broke Again
0%

Score Distribution

Percentile by Number Answered

Percent of People with Each Score

Your Score History

You have not taken this quiz